1216 1525 1324 1606 1073 1446 1097 1299 1341 1103 1473 1195 1614 1234 1745 1841 1224 1302 1444 1711 1129 1293 1609 1440 1032 1641 1520 1503 1726 1843 1719 1430 1049 1491 1639 1011 1360 1995 1897 1919 1978 1433 1395 1633 1674 1590 1159 1336 1753 1702 1029 1159 1017 1357 1588 1843 1835 1063 1212 1350 1171 1279 1961 1539 1442 1104 1954 1861 1418 1885 1494 1572 1002 1559 1332 1100 1851 1835 1994 1524 1614 1907 1894 1538 1986 1318 1148 1809 1527 1365 1277 1363 1845 1939 1571 1274 1092 1752 1949 BCNSPRNW ULIB Ver.6.0+V

เปลี่ยนเป็นภาษาไทย

Change to English
 แสดงรายละเอียดบรรณานุกรม
  กลับหน้าหลัก

Brief Record : Get Marc (ISO 2709) : E-mail record : QR code < ปิดหน้าต่าง
LEADER : 00000nam 2200000uu 4500
001    13399126264
003     ULIB
008    180827s2560||||th 000 0 tha d
020    ^a9786161128760
040    ^abrv
060 04 ^aWA100^bน135ก
100 0  ^aนงณภัทร รุ่งเนย
245 10 ^aการประเมินสุขภาพแบบองค์รวม =^bHealth assessment : a holisticapproach /^cนงณภัทร รุ่งเนย
246 31 ^aHealth assessment : a holistic approach
250    ^aพิมพ์ครั้งที่ 2
260    ^aนนทบุรี :^bโครงการสวัสดิการวิชาการ สถาบันพระบรมราชชนกกระทรวงสาธารณสุข,^c2560
300    ^a207 หน้า :^bภาพประกอบ ;^c26 ซม.
650  4 ^aการประเมินทางการพยาบาล
650  4 ^aภาวะสุขภาพ
650  4 ^aอนามัย
653    ^aการประเมินสุขภาพทางการแพทย์
945    ^p230^l0^i26462
945    ^p230^l0^i26465
945    ^p230^l0^i26460
945    ^p230^l0^i26461
945    ^p230^l0^i26456
945    ^p230^l0^i26457
945    ^p230^l0^i26458
945    ^p230^l0^i26459
945    ^p230^l0^i26463
945    ^p230^l0^i26464
995    ^aกัณชพร
999    ^aกัณชพร
รายการนี้ยังไม่มีแท็ก
คุณยังไม่ได้ล็อกอิน คุณสามารถมีกิจกรรมร่วมกับเว็บไซต์ได้ แต่ต้องล็อกอินก่อน ::
  ล็อกอิน

รายการสื่อสารสนเทศ

ลำดับที่ ประเภท เลขเรียก/บาร์โค้ด สถานที่ สถานะ
1. วิทยาศาสตร์การแพทย์ และสุขภาพ
วิทยาศาสตร์การแพทย์ และสุขภาพ
WA100 น135ก ฉ.1 
  Barcode: 26456
ห้องสมุดวิทยาเขตสวรรค์ประชารักษ์
►หนังสือทั่วไป
บนชั้น
2. วิทยาศาสตร์การแพทย์ และสุขภาพ
วิทยาศาสตร์การแพทย์ และสุขภาพ
WA100 น135ก ฉ.10 
  Barcode: 26464
ห้องสมุดวิทยาเขตสวรรค์ประชารักษ์
►หนังสือทั่วไป
บนชั้น
3. วิทยาศาสตร์การแพทย์ และสุขภาพ
วิทยาศาสตร์การแพทย์ และสุขภาพ
WA100 น135ก ฉ.2 
  Barcode: 26457
ห้องสมุดวิทยาเขตสวรรค์ประชารักษ์
►หนังสือทั่วไป
บนชั้น
4. วิทยาศาสตร์การแพทย์ และสุขภาพ
วิทยาศาสตร์การแพทย์ และสุขภาพ
WA100 น135ก ฉ.3 
  Barcode: 26458
ห้องสมุดวิทยาเขตสวรรค์ประชารักษ์
►หนังสือทั่วไป
บนชั้น
5. วิทยาศาสตร์การแพทย์ และสุขภาพ
วิทยาศาสตร์การแพทย์ และสุขภาพ
WA100 น135ก ฉ.4 
  Barcode: 26459
ห้องสมุดวิทยาเขตสวรรค์ประชารักษ์
►หนังสือทั่วไป
บนชั้น
6. วิทยาศาสตร์การแพทย์ และสุขภาพ
วิทยาศาสตร์การแพทย์ และสุขภาพ
WA100 น135ก ฉ.5 
  Barcode: 26460
ห้องสมุดวิทยาเขตสวรรค์ประชารักษ์
►หนังสือทั่วไป
บนชั้น
7. วิทยาศาสตร์การแพทย์ และสุขภาพ
วิทยาศาสตร์การแพทย์ และสุขภาพ
WA100 น135ก ฉ.6 
  Barcode: 26461
ห้องสมุดวิทยาเขตสวรรค์ประชารักษ์
►หนังสือทั่วไป
บนชั้น
8. วิทยาศาสตร์การแพทย์ และสุขภาพ
วิทยาศาสตร์การแพทย์ และสุขภาพ
WA100 น135ก ฉ.7 
  Barcode: 26465
ห้องสมุดวิทยาเขตสวรรค์ประชารักษ์
►หนังสือทั่วไป
บนชั้น
9. วิทยาศาสตร์การแพทย์ และสุขภาพ
วิทยาศาสตร์การแพทย์ และสุขภาพ
WA100 น135ก ฉ.8 
  Barcode: 26462
ห้องสมุดวิทยาเขตสวรรค์ประชารักษ์
►หนังสือทั่วไป
บนชั้น
10. วิทยาศาสตร์การแพทย์ และสุขภาพ
วิทยาศาสตร์การแพทย์ และสุขภาพ
WA100 น135ก ฉ.9 
  Barcode: 26463
ห้องสมุดวิทยาเขตสวรรค์ประชารักษ์
►หนังสือทั่วไป
บนชั้น

รายการใกล้เคียง
    ผู้แต่ง [นงณภัทร รุ่งเนย]

    หัวเรื่อง [การประเมินทางการพยาบาล]
    หัวเรื่อง [ภาวะสุขภาพ]
    หัวเรื่อง [อนามัย]

BibComment


ยังไม่เคยถูกคอมเมนท์

คอมเมนท์ทรัพยากรรายการนี้
  คอมเมนท์: การประเมินสุขภาพ..


 Copyright 2026. Bcnsprnw @Library